| 000 | 00409nam a22001217a 4500 | ||
|---|---|---|---|
| 005 | 20260629113511.0 | ||
| 100 |
_aAhsan Ali Naich _a21-MSIT-01 _aSupervisor - Dr. Saima Siraj Soomro _91018 |
||
| 245 | _aComparative Analysis of Mobile Ad HOC Network Routing Protocols ( Thesis MS) | ||
| 260 |
_aNawabshah _bQUEST _c2024p. |
||
| 300 | _a76p. | ||
| 700 |
_aDepartment of Information Technology _9954 |
||
| 942 | _cTHESIS | ||
| 999 |
_c69076 _d69073 |
||